00750nam a2200241Ia 450000500170000000800460001703700110006304000080007404000080008204000080009004100080009804100080010608400080011410000530012224500930017526000090026830000090027765000240028670000820031094200070039299900210039995200880042020260430150646.0008 250103s9999 xx 000 0 eng d aTheses aCRL beng ceng 2eng aeng qCRL aChandan Alok Au.; Panda Nabin Kumar Gu.91238129 0aSecurity Architecture of East Asia: A Nuclear Conundrum for Japan in Second Nuclear Age c2024 a92p. aEast Asia - History aUniversity of Delhi. Faculty of Social Sciences. Deptt. of East Asian Studies cTH c1850321d1850321 00104070aCRLbCRLd2026-04-30l0pTH0027436r2026-04-30 15:06:46w2026-04-30yTH